| 000 | 00675nam a2200217 u 4500 | ||
|---|---|---|---|
| 005 | 20240612064132.0 | ||
| 008 | 191017s1998 sp a r 000 0 spa d | ||
| 020 | _a8426806619 | ||
| 035 | _aUPN01000233475 | ||
| 040 |
_aUPN _bspa _cUPN |
||
| 050 | 4 |
_aBJ1665 _bV3.5 |
|
| 100 | 1 |
_aVallés Arándiga, Antonio _929479 |
|
| 245 | 1 | 0 |
_aAutocontrol 3° : _bentrenamiento en actitudes, valores y normas : educación para la convivencia escolar / _cAntonio Vallés Arándiga. |
| 260 |
_aEspaña : _bMarfíl, _c1998. |
||
| 300 | _a95 p. | ||
| 650 | 2 |
_aValores morales _95323 |
|
| 650 | 4 |
_aEducación moral _91396 |
|
| 905 | _aLibro | ||
| 942 |
_2lcc _cLIBRO |
||
| 999 |
_c205570 _d205570 |
||